<?xml version="1.0" encoding="UTF-8"?>
<collection xmlns="http://www.loc.gov/MARC21/slim">
 <record>
  <leader>01475nam a2200217Ia 4500</leader>
  <controlfield tag="001">TDMU_33986</controlfield>
  <controlfield tag="008">210410s9999    xx            000 0 und d</controlfield>
  <datafield tag="082" ind1=" " ind2=" ">
   <subfield code="a">428.0076</subfield>
  </datafield>
  <datafield tag="090" ind1=" " ind2=" ">
   <subfield code="b">L250</subfield>
  </datafield>
  <datafield tag="100" ind1=" " ind2=" ">
   <subfield code="a">Lê, Minh Quốc</subfield>
  </datafield>
  <datafield tag="245" ind1=" " ind2="0">
   <subfield code="a">Ngày đi trên chữ</subfield>
  </datafield>
  <datafield tag="245" ind1=" " ind2="0">
   <subfield code="b">Tùy bút</subfield>
  </datafield>
  <datafield tag="245" ind1=" " ind2="0">
   <subfield code="c">Lê Minh Quốc</subfield>
  </datafield>
  <datafield tag="260" ind1=" " ind2=" ">
   <subfield code="a">Tp. Hồ Chí Minh</subfield>
  </datafield>
  <datafield tag="260" ind1=" " ind2=" ">
   <subfield code="b">Hội Nhà văn; Công ty Sách Phương Nam</subfield>
  </datafield>
  <datafield tag="260" ind1=" " ind2=" ">
   <subfield code="c">2017</subfield>
  </datafield>
  <datafield tag="300" ind1=" " ind2=" ">
   <subfield code="a">379tr.</subfield>
  </datafield>
  <datafield tag="520" ind1=" " ind2=" ">
   <subfield code="a">Đọc tập tuỳ bút Ngày đi trên chữ, nhà văn Nguyễn Nhật Ánh nhận xét â€œcũng như các tạp văn gần đây của anh, thấy anh bàn đủ chuyện trên trời dưới đất, không tránh né cả những đề tài xã hội nóng bỏng, gay cấn như vụ Formosa, vụ nước mắm công nghiệpâ€¦dễ nhận ra cảm hứng sáng tạo của anh bắt nguồn từ cảm thức của một người đang sống giữa thời đại mình, ký ức gắn bó với những trải nghiệm cộng đồng và mối quan tâm của anh mang rõ dấu vết thời cuộcâ€</subfield>
  </datafield>
  <datafield tag="650" ind1=" " ind2=" ">
   <subfield code="a">Văn học Việt Nam</subfield>
   <subfield code="v">Tùy bút; Văn học hiện đại</subfield>
   <subfield code="v">Tùy bút</subfield>
   <subfield code="z">Việt Nam</subfield>
  </datafield>
  <datafield tag="856" ind1=" " ind2=" ">
   <subfield code="u">http://lrc.tdmu.edu.vn/opac/search/detail.asp?aID=2&amp;ID=33986</subfield>
  </datafield>
  <datafield tag="980" ind1=" " ind2=" ">
   <subfield code="a">Trung tâm Học liệu Trường Đại học Thủ Dầu Một</subfield>
  </datafield>
 </record>
</collection>
